[Event "5th London Classic Women's Inv"]
[Site "London ENG"]
[Date "2013.12.07"]
[Round "1.1"]
[White "Foisor, Mihaela-Veronica"]
[Black "Bulmaga, Irina"]
[Result "1-0"]
[WhiteTitle "WIM"]
[BlackTitle "IM"]
[WhiteElo "2216"]
[BlackElo "2396"]
[WhiteFideId "2270757"]
[BlackFideId "13903063"]
[EventDate "2013.12.07"]

1. d4 Nf6 2. c4 e6 3. Nc3 Bb4 4. Qc2 O-O 5. a3 Bxc3+ 6. Qxc3 b6 7. Bg5 Bb7 8. e3
d6 9. Nf3 Nbd7 10. Nd2 h6 11. Bh4 c5 12. f3 Qe7 13. Be2 Rac8 14. O-O cxd4 15.
Qxd4 e5 16. Qd3 Qe6 17. Rac1 a5 18. Qb1 d5 19. cxd5 Nxd5 20. Bf2 Qe7 21. Rfd1
Nc5 22. Bf1 Qg5 23. Ne4 Nxe4 24. Qxe4 f5 25. Qxe5 Rce8 26. Qg3 Nxe3 27. Qxg5
hxg5 28. Bxe3 Rxe3 29. Rc7 Bc8 30. Rd6 Kh7 31. Bd3 Re6 32. Rd5 Ref6 33. Rxc8
Rxc8 34. Bxf5+ Rxf5 35. Rxf5 Rc1+ 36. Kf2 Rc2+ 37. Kg3 Rxb2 38. Rxg5 a4 39. Rd5
Rb3 40. Rd6 b5 41. Rb6 Rxa3 42. Rxb5 Ra2 43. Rb6 a3 44. Ra6 Kg8 45. Ra7 Kh7 46.
h4 Kh6 47. Kh3 Kg6 48. g4 Ra1 49. f4 Rh1+ 50. Kg3 Rg1+ 51. Kf3 Rf1+ 52. Ke3 Re1+
53. Kf2 Ra1 54. h5+ Kf6 55. Ra6+ Kf7 56. Kg2 a2 57. g5 Ke7 58. f5 Kf7 59. g6+
Ke7 60. h6 Rb1 61. hxg7 Rb8 62. f6+ Kd7 63. f7 1-0

[Event "5th London Classic Women's Inv"]
[Site "London ENG"]
[Date "2013.12.07"]
[Round "1.2"]
[White "Hegarty, Sarah N"]
[Black "Fuchs, Judith"]
[Result "0-1"]
[WhiteTitle "WFM"]
[BlackTitle "WIM"]
[WhiteElo "2127"]
[BlackElo "2337"]
[WhiteFideId "2501465"]
[BlackFideId "24605611"]
[EventDate "2013.12.07"]

1. e4 c6 2. d4 d5 3. Nc3 dxe4 4. Nxe4 Bf5 5. Ng3 Bg6 6. h4 h6 7. Nf3 Nd7 8. h5
Bh7 9. Bd3 Bxd3 10. Qxd3 Qc7 11. Bd2 e6 12. O-O-O Ngf6 13. Ne4 O-O-O 14. g3 Nxe4
15. Qxe4 Bd6 16. c4 c5 17. d5 Nf6 18. Qc2 Rhe8 19. Bc3 Qe7 20. Qa4 Ne4 21. Be1
Qf6 22. Rd3 exd5 23. cxd5 Kb8 24. Rh4 c4 25. Re3 Nc5 26. Qxe8 Rxe8 27. Rxe8+ Kc7
28. Nd4 Be5 29. Bc3 Kd7 30. Rxe5 Qxe5 31. Nb5 Qe2 32. Rh1 Qxf2 33. Bd4 Nd3+ 34.
Kb1 Qf3 35. Rg1 Qxd5 0-1

[Event "5th London Classic Women's Inv"]
[Site "London ENG"]
[Date "2013.12.07"]
[Round "1.3"]
[White "Ciuksyte, Dagne"]
[Black "Nadig, Kruttika"]
[Result "1-0"]
[WhiteTitle "IM"]
[BlackTitle "WGM"]
[WhiteElo "2345"]
[BlackElo "2127"]
[WhiteFideId "12800619"]
[BlackFideId "5012716"]
[EventDate "2013.12.07"]

1. Nf3 d5 2. b3 Nf6 3. Bb2 Bg4 4. Ne5 Bf5 5. e3 Nbd7 6. Nf3 e6 7. Be2 h6 8. c4
c6 9. O-O Bd6 10. d3 O-O 11. Nc3 Qe7 12. h3 e5 13. cxd5 cxd5 14. Nb5 Bb4 15. a3
Ba5 16. Rc1 a6 17. Nc3 b5 18. b4 Bb6 19. d4 e4 20. Ne5 Rac8 21. Qb3 Qd6 22. a4
Bc7 23. Na2 Qb6 24. Rc6 Qb7 25. Rfc1 bxa4 26. Qc2 1-0

[Event "5th London Classic Women's Inv"]
[Site "London ENG"]
[Date "2013.12.08"]
[Round "2.1"]
[White "Bulmaga, Irina"]
[Black "Nadig, Kruttika"]
[Result "1/2-1/2"]
[WhiteTitle "IM"]
[BlackTitle "WGM"]
[WhiteElo "2396"]
[BlackElo "2127"]
[WhiteFideId "13903063"]
[BlackFideId "5012716"]
[EventDate "2013.12.07"]

1. e4 c5 2. Nf3 g6 3. c3 d5 4. exd5 Qxd5 5. d4 Bg7 6. Be2 cxd4 7. cxd4 Nc6 8.
Nc3 Qd8 9. d5 Ne5 10. O-O Nxf3+ 11. Bxf3 Nf6 12. Qa4+ Qd7 13. Qb4 O-O 14. Re1
Re8 15. Bf4 a5 16. Qc4 b6 17. Be5 Bb7 18. Qd4 b5 19. a4 b4 20. Nb5 Red8 21. Rad1
Ne8 22. h3 Ra6 23. Bg4 Qxd5 24. Qxd5 Rxd5 25. Bxg7 Rxd1 26. Bxd1 Nxg7 27. Rxe7
Rb6 28. Bb3 Ne6 29. Bc4 Kf8 30. Rd7 Bc8 31. Ra7 Rc6 32. b3 Ba6 33. Ra8+ Kg7 34.
Ra7 Kg8 35. Kh2 Kg7 36. Bd5 Rb6 37. Bc4 Rc6 38. g3 Rb6 39. h4 Rc6 40. Bd5 Rb6
41. g4 h6 42. Kg3 g5 43. hxg5 hxg5 44. f3 Kf6 45. Bxe6 fxe6 46. Nc7 Bc4 47. Ne8+
Ke5 48. Rxa5+ Kd4 49. bxc4 b3 50. Nc7 b2 51. Rb5 Rxb5 52. Nxb5+ Kxc4 53. Na3+
Kb3 54. Nb1 Kc2 55. Na3+ Kb3 56. Nb1 Kc2 57. a5 Kxb1 58. a6 Kc2 59. a7 b1=Q 60.
a8=Q 1/2-1/2

[Event "5th London Classic Women's Inv"]
[Site "London ENG"]
[Date "2013.12.08"]
[Round "2.3"]
[White "Foisor, Mihaela-Veronica"]
[Black "Hegarty, Sarah N"]
[Result "1-0"]
[WhiteTitle "WIM"]
[BlackTitle "WFM"]
[WhiteElo "2216"]
[BlackElo "2127"]
[WhiteFideId "2270757"]
[BlackFideId "2501465"]
[EventDate "2013.12.07"]

1. d4 d5 2. c4 e6 3. Nc3 c6 4. Nf3 dxc4 5. a4 Bb4 6. e3 b5 7. Bd2 a5 8. axb5
Bxc3 9. Bxc3 cxb5 10. b3 Bb7 11. bxc4 b4 12. Bd2 Nf6 13. Bd3 O-O 14. O-O Nbd7
15. Qb1 Qc7 16. Rc1 e5 17. Ng5 h6 18. Ne4 Rfd8 19. Nxf6+ Nxf6 20. d5 Nd7 21. e4
Nc5 22. Bc2 Rdb8 23. Be3 Bc8 24. Bxc5 Qxc5 25. Ba4 Rb6 26. Qb3 Rf6 27. Qe3 Qc7
28. c5 Qd8 29. d6 Be6 30. Bc6 Rb8 31. Bd5 b3 32. Rcb1 Rg6 33. Rxb3 Rxb3 34. Qxb3
Qg5 35. g3 Kh7 36. Bxe6 Rxe6 37. Qd5 Qd8 38. d7 1-0

[Event "5th London Classic Women's Inv"]
[Site "London ENG"]
[Date "2013.12.09"]
[Round "3.1"]
[White "Hegarty, Sarah N"]
[Black "Bulmaga, Irina"]
[Result "0-1"]
[WhiteTitle "WFM"]
[BlackTitle "IM"]
[WhiteElo "2127"]
[BlackElo "2396"]
[WhiteFideId "2501465"]
[BlackFideId "13903063"]
[EventDate "2013.12.07"]

1. e4 c5 2. Nf3 d6 3. d4 cxd4 4. Nxd4 Nf6 5. Nc3 a6 6. Bc4 e6 7. Bb3 Nbd7 8. Bg5
Nc5 9. f4 h6 10. Bxf6 Qxf6 11. O-O Nxb3 12. axb3 d5 13. Ncb5 Rb8 14. f5 axb5 15.
fxe6 Qe5 16. exf7+ Kd8 17. Kh1 Bc5 18. exd5 Qxd4 19. f8=Q+ Rxf8 20. Rxf8+ Kc7
21. d6+ Qxd6 22. Rf7+ Bd7 23. Qe1 Rf8 24. Rxg7 Rf5 25. Qa5+ Bb6 26. Qc3+ Rc5 27.
Qf3 Rd5 28. Re1 Bd4 29. Rge7 Be5 30. Rh7 Rd4 31. Qe2 Bxh2 32. Rxd7+ Kxd7 33.
Qxb5+ Kc7 34. Qa5+ Kc6 35. Qf5 Bg3 36. Qf3+ Kb6 37. Rf1 Rh4+ 38. Kg1 Qd4+ 0-1

[Event "5th London Classic Women's Inv"]
[Site "London ENG"]
[Date "2013.12.09"]
[Round "3.2"]
[White "Ciuksyte, Dagne"]
[Black "Foisor, Mihaela-Veronica"]
[Result "1-0"]
[WhiteTitle "IM"]
[BlackTitle "WIM"]
[WhiteElo "2345"]
[BlackElo "2216"]
[WhiteFideId "12800619"]
[BlackFideId "2270757"]
[EventDate "2013.12.07"]

1. e4 e6 2. d4 d5 3. Nd2 Nf6 4. e5 Nfd7 5. c3 c5 6. Bd3 Nc6 7. Ne2 cxd4 8. cxd4
f6 9. exf6 Qxf6 10. Nf3 h6 11. O-O Bd6 12. Ng3 O-O 13. Bc2 Rd8 14. Re1 Nf8 15.
Ne5 Qh4 16. Nf3 Qf6 17. Ne5 Qh4 18. f4 Bxe5 19. dxe5 Bd7 20. Be3 Be8 21. Qe2 Bg6
22. f5 exf5 23. Nxf5 Bxf5 24. Bxf5 Nd4 25. Bxd4 Qxd4+ 26. Kh1 Re8 27. e6 Re7 28.
Rad1 Qc4 29. Qe5 Rae8 30. Rc1 Qxa2 31. Rc7 Qa5 32. Rxe7 Rxe7 33. h4 g6 34. Bh3
Qb5 35. Qd6 Qe8 36. Qxd5 h5 37. Qe5 b5 38. b4 a6 39. Qd6 Nh7 40. Qxa6 g5 41. Bf5
gxh4 42. Rc1 Qf8 43. Rc8 Re8 44. e7 Qxf5 45. Rxe8+ Kf7 46. Qd6 1-0

[Event "5th London Classic Women's Inv"]
[Site "London ENG"]
[Date "2013.12.09"]
[Round "3.3"]
[White "Nadig, Kruttika"]
[Black "Fuchs, Judith"]
[Result "1/2-1/2"]
[WhiteTitle "WGM"]
[BlackTitle "WIM"]
[WhiteElo "2127"]
[BlackElo "2337"]
[WhiteFideId "5012716"]
[BlackFideId "24605611"]
[EventDate "2013.12.07"]

1. e4 c5 2. Nf3 d6 3. d4 cxd4 4. Nxd4 Nf6 5. Nc3 Nc6 6. Bc4 Qb6 7. Nb3 e6 8. Bf4
Ne5 9. Be2 Bd7 10. Qd2 Be7 11. f3 O-O 12. g4 Rfd8 13. g5 Ne8 14. O-O-O a5 15.
Nd4 a4 16. a3 Rac8 17. h4 Nc4 18. Bxc4 Rxc4 19. Nf5 exf5 20. Nd5 Qc5 21. Be3 Qb5
22. Nxe7+ Kf8 23. Nxf5 Bxf5 24. exf5 Rdc8 25. c3 Qxf5 26. h5 b5 27. Bd4 b4 28.
axb4 Rxb4 29. Qd3 Qxd3 30. Rxd3 Rb3 31. h6 Rcb8 32. hxg7+ Kg8 33. Rd2 Nxg7 34.
Rdh2 Ne6 35. Bf6 Nf8 36. f4 a3 37. bxa3 Rxa3 38. Kc2 Ra4 39. Bd4 Ra2+ 40. Kd3
Rxh2 41. Rxh2 Ne6 42. Ke4 Rb1 43. Rf2 Rd1 44. Kd5 h6 45. gxh6 Kh7 46. Rh2 Nxf4+
47. Kxd6 Ne6 48. Rh4 Ng5 49. Kd5 f5 50. Rh5 Ne4 51. Ke5 Re1 52. Kd5 Rd1 53. Kc4
Nd6+ 54. Kb3 Rb1+ 55. Kc2 Rf1 56. Be5 Nf7 57. Bg7 Kg6 58. Rh2 Ra1 59. Kb2 Ra8
60. c4 Ng5 61. Rg2 f4 62. c5 f3 63. Rc2 Ne4 64. Bd4 Rc8 65. c6 f2 66. Bxf2 Nxf2
67. Rxf2 Rxc6 68. h7 Kxh7 1/2-1/2

[Event "5th London Classic Women's Inv"]
[Site "London ENG"]
[Date "2013.12.10"]
[Round "4.1"]
[White "Ciuksyte, Dagne"]
[Black "Bulmaga, Irina"]
[Result "1-0"]
[WhiteTitle "IM"]
[BlackTitle "IM"]
[WhiteElo "2345"]
[BlackElo "2396"]
[WhiteFideId "12800619"]
[BlackFideId "13903063"]
[EventDate "2013.12.07"]

1. e4 c5 2. Nf3 d6 3. d4 cxd4 4. Nxd4 Nf6 5. Nc3 a6 6. Bc4 e6 7. O-O b5 8. Bb3
b4 9. Na4 Bb7 10. Re1 Nc6 11. f4 Nxd4 12. Qxd4 d5 13. Nb6 Be7 14. Ba4+ Kf8 15.
exd5 Rb8 16. f5 e5 17. Rxe5 Qc7 18. Rxe7 Qxe7 19. Bd2 a5 20. Re1 Qd8 21. Bg5 Bc6
22. Qc5+ Kg8 23. dxc6 1-0

[Event "5th London Classic Women's Inv"]
[Site "London ENG"]
[Date "2013.12.10"]
[Round "4.2"]
[White "Nadig, Kruttika"]
[Black "Hegarty, Sarah N"]
[Result "1-0"]
[WhiteTitle "WGM"]
[BlackTitle "WFM"]
[WhiteElo "2127"]
[BlackElo "2127"]
[WhiteFideId "5012716"]
[BlackFideId "2501465"]
[EventDate "2013.12.07"]

1. e4 c5 2. Nf3 d6 3. d4 cxd4 4. Nxd4 Nf6 5. Nc3 a6 6. h3 e5 7. Nde2 h5 8. g3
Be7 9. Bg2 Be6 10. f4 Nbd7 11. Be3 Qc7 12. O-O Rc8 13. a4 Bc4 14. Bf3 Nb6 15. b3
Bxe2 16. Nxe2 Nbd7 17. c4 Nc5 18. Nc3 Qb6 19. Rb1 a5 20. f5 Qc6 21. g4 hxg4 22.
hxg4 Nh7 23. Qd2 Nf6 24. Qg2 Bd8 25. g5 Nfd7 26. Rfd1 Bb6 27. Nb5 Rd8 28. Nxd6+
Kf8 29. g6 Nd3 30. Nxf7 Bxe3+ 31. Kf1 Nf2 32. Nxd8 Qc8 33. Ne6+ Kg8 34. Ke2 Nxd1
35. Rxd1 Bf4 36. Nxf4 exf4 37. Qg5 Rh2+ 38. Kf1 Rb2 39. Qe7 Rxb3 40. Qf7+ Kh8
41. Rxd7 Rxf3+ 42. Kg2 Rg3+ 43. Kh2 Qg8 44. Qxg8+ 1-0

[Event "5th London Classic Women's Inv"]
[Site "London ENG"]
[Date "2013.12.10"]
[Round "5.2"]
[White "Foisor, Mihaela-Veronica"]
[Black "Nadig, Kruttika"]
[Result "1/2-1/2"]
[WhiteTitle "WIM"]
[BlackTitle "WGM"]
[WhiteElo "2216"]
[BlackElo "2127"]
[WhiteFideId "2270757"]
[BlackFideId "5012716"]
[EventDate "2013.12.07"]

1. d4 Nf6 2. c4 g6 3. Nc3 d5 4. Nf3 Bg7 5. Bf4 O-O 6. Rc1 c5 7. dxc5 Qa5 8. cxd5
Rd8 9. Qa4 Qxa4 10. Nxa4 Nxd5 11. Be5 f6 12. Bg3 f5 13. Be5 Bh6 14. e3 Nc6 15.
Bc4 Nxe5 16. Nxe5 Bg7 17. f4 Be6 18. Kf2 Bxe5 19. fxe5 Kf7 20. a3 Nc7 21. Rhe1
Rd2+ 22. Re2 Rad8 23. Rc2 Rxe2+ 24. Kxe2 Bxc4+ 25. Rxc4 Ke6 26. Rb4 Rb8 27. Nc3
Kxe5 28. c6 b6 29. Rd4 Rc8 30. Rd7 Ke6 31. b4 a6 32. a4 b5 33. Kd3 Ne8 34. axb5
axb5 35. Nxb5 Rxc6 36. Rd8 Kf7 37. Nd4 Rc1 38. b5 Nd6 39. b6 Rb1 40. Rb8 Ne4 41.
Kc4 Nf6 42. Nb3 Nd7 43. Rd8 Nxb6+ 44. Kc3 Na4+ 45. Kc4 Rh1 46. h3 Nb2+ 47. Kc3
Nd1+ 48. Kd2 Nf2 49. Ke2 Ne4 50. Nd2 Nc3+ 51. Kd3 Nb1 52. Nxb1 Rxb1 53. Ke2 Rb2+
54. Kf3 e5 55. Rd7+ Kf6 56. Rxh7 e4+ 57. Kg3 Re2 58. Ra7 Rxe3+ 59. Kf4 Rd3 60.
Ra6+ Kf7 61. g4 Rf3+ 62. Ke5 e3 63. Ra7+ Kf8 64. Ra8+ Kg7 65. Kd4 Rxh3 66. g5
Rg3 67. Ra7+ Kf8 68. Ra8+ Ke7 69. Ra7+ Kd8 70. Ra8+ Kc7 71. Ra7+ Kb6 72. Re7
Rxg5 73. Rxe3 Kc6 74. Re6+ Kd7 75. Ra6 f4 76. Ke4 Rg4 77. Kf3 Rh4 78. Rxg6 Rh3+ 1/2-1/2

[Event "5th London Classic Women's Inv"]
[Site "London ENG"]
[Date "2013.12.10"]
[Round "5.3"]
[White "Hegarty, Sarah N"]
[Black "Ciuksyte, Dagne"]
[Result "1/2-1/2"]
[WhiteTitle "WFM"]
[BlackTitle "IM"]
[WhiteElo "2127"]
[BlackElo "2345"]
[WhiteFideId "2501465"]
[BlackFideId "12800619"]
[EventDate "2013.12.07"]

1. e4 e5 2. Bc4 Nc6 3. Nf3 Bc5 4. d3 Nf6 5. O-O d6 6. c3 O-O 7. Bb3 Bb6 8. Nbd2
a6 9. Nc4 Ba7 10. Be3 Ne7 11. Bxa7 Rxa7 12. Re1 h6 13. d4 exd4 14. Qxd4 Nc6 1/2-1/2

[Event "5th London Classic Women's Inv"]
[Site "London ENG"]
[Date "2013.12.11"]
[Round "6.1"]
[White "Bulmaga, Irina"]
[Black "Foisor, Mihaela-Veronica"]
[Result "0-1"]
[WhiteTitle "IM"]
[BlackTitle "WIM"]
[WhiteElo "2396"]
[BlackElo "2216"]
[WhiteFideId "13903063"]
[BlackFideId "2270757"]
[EventDate "2013.12.07"]

1. e4 e6 2. d4 d5 3. Nc3 Bb4 4. e5 c5 5. a3 Bxc3+ 6. bxc3 Qa5 7. Bd2 Qa4 8. Qg4
g6 9. Qd1 b6 10. dxc5 bxc5 11. c4 Ba6 12. cxd5 Bxf1 13. Kxf1 Qc4+ 14. Qe2 Qxe2+
15. Nxe2 exd5 16. Nc3 Ne7 17. Bg5 Nbc6 18. Bf6 O-O 19. Rd1 Rab8 20. g4 Rfd8 21.
Kg2 Rb2 22. Rd2 d4 23. Ne4 c4 24. Rhd1 Kf8 25. h4 Rd5 26. Bg5 Ng8 27. Nf6 Nxf6
28. exf6 Ke8 29. Be3 d3 30. Rc1 c3 31. Rxd3 Rxd3 32. cxd3 c2 33. Kf3 Na5 34. Ke2
Nb3 35. g5 Nxc1+ 36. Bxc1 Rb6 37. Kd2 Rc6 38. a4 Kd7 39. Ba3 Ke6 40. a5 a6 41.
d4 Rc4 42. Bb2 Kf5 43. f3 Kf4 44. Bc1 Kxf3 45. Kd3 Rc8 46. d5 Kf2 47. Kd4 Rd8
48. Ke5 Kg3 49. Kd4 Kxh4 50. Kc5 h5 51. gxh6 Kh5 52. Kc6 g5 53. Kc7 Rh8 54. d6
Kxh6 55. d7 Kg6 56. d8=Q Rxd8 57. Kxd8 g4 58. Kc7 g3 59. Kb7 g2 60. Be3 g1=Q 61.
Bxg1 c1=Q 62. Bb6 Qc4 63. Bd8 Qd5+ 64. Kc8 Kf5 0-1

[Event "5th London Classic Women's Inv"]
[Site "London ENG"]
[Date "2013.12.11"]
[Round "6.2"]
[White "Fuchs, Judith"]
[Black "Hegarty, Sarah N"]
[Result "1/2-1/2"]
[WhiteTitle "WIM"]
[BlackTitle "WFM"]
[WhiteElo "2337"]
[BlackElo "2127"]
[WhiteFideId "24605611"]
[BlackFideId "2501465"]
[EventDate "2013.12.07"]

1. e4 c5 2. Nf3 d6 3. d4 cxd4 4. Nxd4 Nf6 5. Nc3 a6 6. Be3 Ng4 7. Bg5 h6 8. Bh4
g5 9. Bg3 Bg7 10. h3 Ne5 11. f3 e6 12. Qd2 b5 13. O-O-O Nbd7 14. Nb3 Nb6 15.
Qxd6 Qxd6 16. Rxd6 Nec4 17. Bxc4 Nxc4 18. Rd3 b4 19. Na4 Bd7 20. Nbc5 Bb5 21. b3
Ne5 22. Rd2 Rc8 23. Bf2 O-O 24. Rhd1 Rc7 25. Kb1 Bf6 26. Nb2 Rfc8 27. Nbd3 Nxd3
28. Nxd3 Bc3 29. Re2 a5 30. Be1 Bd4 31. g3 Rd7 32. a4 Ba6 33. Rg2 1/2-1/2

[Event "5th London Classic Women's Inv"]
[Site "London ENG"]
[Date "2013.12.12"]
[Round "7.1"]
[White "Nadig, Kruttika"]
[Black "Bulmaga, Irina"]
[Result "1/2-1/2"]
[WhiteTitle "WGM"]
[BlackTitle "IM"]
[WhiteElo "2127"]
[BlackElo "2396"]
[WhiteFideId "5012716"]
[BlackFideId "13903063"]
[EventDate "2013.12.07"]

1. e4 c5 2. Nf3 d6 3. d4 cxd4 4. Nxd4 Nf6 5. Nc3 a6 6. Be3 e5 7. Nb3 Be6 8. Qd2
Nbd7 9. f3 b5 10. O-O-O Qc7 11. g4 h6 12. Qf2 Rb8 13. Kb1 Nb6 14. h4 Nc4 15. Nd5
Bxd5 16. exd5 Qb7 17. Bc1 Nxd5 18. Bg2 Qb6 19. Qe2 Nde3 20. Rd3 Nxg2 21. Qxg2
Qc6 22. Re1 Be7 23. g5 h5 24. Qe2 O-O 25. f4 g6 26. f5 d5 27. Rdd1 a5 28. Nd4
exd4 29. Qxe7 b4 30. b3 Ne3 31. Bxe3 Rfe8 32. Qa7 dxe3 33. Rxe3 Rxe3 34. Qxe3
Re8 35. Qd3 Re5 36. fxg6 Qxg6 37. Qb5 Qe6 38. Qxa5 Re1 39. Rxe1 Qxe1+ 40. Kb2
Qc3+ 41. Kb1 Qe1+ 1/2-1/2

[Event "5th London Classic Women's Inv"]
[Site "London ENG"]
[Date "2013.12.12"]
[Round "7.2"]
[White "Ciuksyte, Dagne"]
[Black "Fuchs, Judith"]
[Result "1/2-1/2"]
[WhiteTitle "IM"]
[BlackTitle "WIM"]
[WhiteElo "2345"]
[BlackElo "2337"]
[WhiteFideId "12800619"]
[BlackFideId "24605611"]
[EventDate "2013.12.07"]

1. e4 c6 2. c4 d5 3. exd5 cxd5 4. cxd5 Nf6 5. Nc3 Nxd5 6. Nf3 Nc6 7. d4 Bg4 8.
Bc4 e6 9. O-O Be7 10. Be3 Nb6 11. Be2 O-O 12. h3 Bh5 13. Rc1 Nb4 14. Ne5 Bxe2
15. Qxe2 Bf6 16. Rfd1 Qe7 17. a3 N4d5 18. Ne4 Nxe3 19. Qxe3 Rac8 20. Ng4 Nd5 21.
Nexf6+ Nxf6 22. Qg5 Nd5 23. Nh6+ Kh8 24. Rxc8 Rxc8 25. Qxe7 Nxe7 26. Nxf7+ Kg8
27. Ng5 Rc2 28. Re1 h6 29. Rxe6 Kf8 30. Nf3 Rxb2 31. Ne5 Rb3 32. Rd6 Nc6 33. Rd7
Nxe5 34. dxe5 a5 35. f4 b5 36. Rd5 a4 37. f5 Ke7 38. Kh2 h5 39. g4 h4 40. Kg2
Rg3+ 41. Kf2 Rxh3 42. Rxb5 Rxa3 43. Rb7+ Kf8 44. g5 Rb3 45. Ra7 Rb5 46. Ra8+ Ke7
47. f6+ gxf6 48. g6 Rb2+ 49. Kf1 Rb1+ 50. Kf2 Rb2+ 51. Kf1 Rb1+ 52. Kf2 1/2-1/2

[Event "5th London Classic Women's Inv"]
[Site "London ENG"]
[Date "2013.12.12"]
[Round "7.3"]
[White "Hegarty, Sarah N"]
[Black "Foisor, Mihaela-Veronica"]
[Result "0-1"]
[WhiteTitle "WFM"]
[BlackTitle "WIM"]
[WhiteElo "2127"]
[BlackElo "2216"]
[WhiteFideId "2501465"]
[BlackFideId "2270757"]
[EventDate "2013.12.07"]

1. e4 e6 2. d4 d5 3. Nc3 Nf6 4. Bg5 Bb4 5. e5 h6 6. Bd2 Bxc3 7. bxc3 Ne4 8. Qg4
Kf8 9. Bd3 Nxd2 10. Kxd2 c5 11. h4 Nc6 12. Rh3 c4 13. Bf1 Bd7 14. Ne2 Rg8 15.
Rf3 Ke7 16. Nf4 b5 17. a3 a5 18. g3 b4 19. axb4 axb4 20. Rxa8 Qxa8 21. cxb4 Qa1
22. Bh3 Qxd4+ 23. Ke2 Qe4+ 24. Re3 Nd4+ 25. Ke1 Nxc2+ 26. Kd2 Nxe3 27. fxe3 c3+ 0-1

[Event "5th London Classic Women's Inv"]
[Site "London ENG"]
[Date "2013.12.13"]
[Round "8.2"]
[White "Foisor, Mihaela-Veronica"]
[Black "Ciuksyte, Dagne"]
[Result "0-1"]
[WhiteTitle "WIM"]
[BlackTitle "IM"]
[WhiteElo "2216"]
[BlackElo "2345"]
[WhiteFideId "2270757"]
[BlackFideId "12800619"]
[EventDate "2013.12.07"]

1. d4 Nf6 2. c4 e6 3. Nc3 Bb4 4. Qc2 O-O 5. Nf3 d6 6. a3 Bxc3+ 7. Qxc3 Nbd7 8.
Bg5 h6 9. Bh4 b6 10. e3 Ba6 11. Nd2 Rc8 12. Be2 c5 13. dxc5 Rxc5 14. b4 Rc8 15.
Qb2 Rc7 16. O-O Qa8 17. Rac1 Rfc8 18. Bg3 e5 19. Rfd1 Qb8 20. f3 b5 21. cxb5
Bxb5 22. Rxc7 Rxc7 23. Nb3 Bxe2 24. Qxe2 d5 25. Na5 Rc3 26. a4 Qxb4 27. Be1 Qxa5
28. Qb2 Qxa4 29. Ra1 Rc2 0-1

[Event "5th London Classic Women's Inv"]
[Site "London ENG"]
[Date "2013.12.13"]
[Round "8.3"]
[White "Fuchs, Judith"]
[Black "Nadig, Kruttika"]
[Result "1/2-1/2"]
[WhiteTitle "WIM"]
[BlackTitle "WGM"]
[WhiteElo "2337"]
[BlackElo "2127"]
[WhiteFideId "24605611"]
[BlackFideId "5012716"]
[EventDate "2013.12.07"]

1. e4 c5 2. Nf3 d6 3. d4 Nf6 4. Nc3 cxd4 5. Nxd4 g6 6. Be3 Bg7 7. f3 Nc6 8. Qd2
O-O 9. Bc4 Bd7 10. Bb3 Na5 11. g4 Rc8 12. O-O-O a6 13. Kb1 b5 14. h4 h5 15. Bh6
Nc4 16. Bxc4 Rxc4 17. Bxg7 Kxg7 18. gxh5 Nxh5 19. Rhg1 Nf6 20. Qg5 Rh8 21. e5
Nh5 22. e6 Bxe6 23. Nxe6+ fxe6 24. Qxg6+ Kf8 25. Ne4 Qe8 26. Qxe6 Qc8 27. Qg6
Qe8 28. Qf5+ Qf7 29. Qd7 Qe8 30. Qa7 Qc8 31. Rxd6 Rxc2 32. Rb6 Rg8 33. Ng5 Qf5
34. Ka1 Rxg5 35. hxg5 Qxg5 36. Rb8+ Kf7 37. a3 Rc1+ 38. Rxc1 Qxc1+ 39. Ka2 Qc4+
40. Kb1 Qd3+ 41. Ka1 Qd1+ 42. Ka2 Qd5+ 43. Kb1 Qd1+ 44. Ka2 1/2-1/2

[Event "5th London Classic Women's Inv"]
[Site "London ENG"]
[Date "2013.12.14"]
[Round "9.1"]
[White "Fuchs, Judith"]
[Black "Bulmaga, Irina"]
[Result "1/2-1/2"]
[WhiteTitle "WIM"]
[BlackTitle "IM"]
[WhiteElo "2337"]
[BlackElo "2396"]
[WhiteFideId "24605611"]
[BlackFideId "13903063"]
[EventDate "2013.12.07"]

1. e4 c5 2. Nf3 d6 3. d4 cxd4 4. Nxd4 Nf6 5. Nc3 a6 6. Be3 e5 7. Nf3 Be7 8. Bc4
O-O 9. O-O Be6 10. Bb3 Nc6 11. Qe2 h6 12. Rfd1 Qc7 13. Nd2 Na5 14. f3 Nxb3 15.
axb3 d5 16. exd5 Nxd5 17. Nxd5 Bxd5 18. Nc4 Bxc4 19. Qxc4 Rfc8 20. Qxc7 Rxc7 21.
c3 Rd8 22. Rxd8+ Bxd8 23. Rd1 1/2-1/2

[Event "5th London Classic Women's Inv"]
[Site "London ENG"]
[Date "2013.12.14"]
[Round "9.3"]
[White "Ciuksyte, Dagne"]
[Black "Hegarty, Sarah N"]
[Result "1-0"]
[WhiteTitle "IM"]
[BlackTitle "WFM"]
[WhiteElo "2345"]
[BlackElo "2127"]
[WhiteFideId "12800619"]
[BlackFideId "2501465"]
[EventDate "2013.12.07"]

1. e4 c5 2. Nf3 d6 3. d4 cxd4 4. Nxd4 Nf6 5. Nc3 a6 6. Bc4 e6 7. O-O Be7 8. f4
O-O 9. f5 e5 10. Nde2 b5 11. Bb3 Bb7 12. Bg5 Nbd7 13. Ng3 b4 14. Bxf6 Nxf6 15.
Nd5 Bxd5 16. Bxd5 Qb6+ 17. Kh1 Rac8 18. Bb3 a5 19. Nh5 Nxh5 20. Qxh5 Qe3 21.
Rae1 Qg5 22. Qd1 h6 23. Rf3 Kh7 24. Ref1 Qf6 25. Qd5 Rc5 26. Qd1 Ra8 27. Rg3 Ra7
28. Qh5 Bd8 29. Rg6 Qh4 30. Qf3 a4 31. Bd5 Rxc2 32. f6 Bxf6 33. Rg4 1-0

[Event "5th London Classic Women's Inv"]
[Site "London ENG"]
[Date "2013.12.15"]
[Round "10.2"]
[White "Hegarty, Sarah N"]
[Black "Nadig, Kruttika"]
[Result "1-0"]
[WhiteTitle "WFM"]
[BlackTitle "WGM"]
[WhiteElo "2127"]
[BlackElo "2127"]
[WhiteFideId "2501465"]
[BlackFideId "5012716"]
[EventDate "2013.12.07"]

1. e4 c5 2. Nf3 d6 3. d4 cxd4 4. Nxd4 Nf6 5. Nc3 g6 6. Be3 Bg7 7. f3 O-O 8. Qd2
Nc6 9. O-O-O d5 10. Kb1 Nxd4 11. e5 Nd7 12. Bxd4 Nxe5 13. Qe1 Nc6 14. Bxg7 Kxg7
15. Nxd5 e5 16. Bb5 f6 17. c3 Qa5 18. c4 Qd8 19. Bxc6 bxc6 20. Ne3 Qc7 21. g4
Rb8 22. Qc3 Be6 23. h4 Rbd8 24. h5 g5 25. Qc2 Rxd1+ 26. Rxd1 Rd8 27. Kc1 Rxd1+
28. Qxd1 Qb6 29. Qd2 a5 30. Kc2 Kf7 31. Qd3 Kg7 32. Qe4 Bd7 33. Qd3 Qd4 34. Nf1
f5 35. gxf5 Qxd3+ 36. Kxd3 Bxf5+ 37. Ke3 Kh6 38. Ng3 Bb1 39. a3 a4 40. c5 Bc2
41. Kd2 Bb3 42. Kd3 Bd5 43. Ke3 Bb3 44. Ke4 Bd1 45. Ke3 Kg7 46. Nf5+ Kf6 47. Nd6
h6 48. Ne4+ Ke6 49. Nf2 Bc2 50. Ng4 Kd5 51. Nxh6 Kxc5 52. Nf7 Kc4 53. Nxg5 Bd3
54. Ne4 1-0